Empirical software engineering.

Bibliographic Details
Uniform Title:Empirical software engineering (Online)
Format: Journal
Language:English
Published: [Dordrecht] : Kluwer Academic Publishers.
Subjects:
Online Availability: Check for online availability

MARC

Tag First Indicator Second Indicator Subfields
LEADER 00000cas a2200000Ia 4500
001 in00001698511
005 20151024160951.0
006 m d
007 cr mnu
008 980126c199u9999ne qx p s 0 a0eng d
022 |y 1382-3256 
035 |a (OCoLC)ocm38266634 
037 |b Kluwer Academic Publishers, Spuiboulevard 50, P.O. Box 17, 3300 AA Dordrecht, The Netherlands 
040 |a F#A  |c F#A  |d OCL  |d OCLCQ  |d MUQ  |d UtOrBLW 
049 |a TXAM 
090 |a QA76.758  |b E47 Electronic 
092 |a 005.1 
130 0 |a Empirical software engineering (Online) 
245 1 0 |a Empirical software engineering. 
264 1 |a [Dordrecht] :  |b Kluwer Academic Publishers. 
310 |a Four issues yearly 
336 |a text  |b txt  |2 rdacontent 
337 |a computer  |b c  |2 rdamedia 
338 |a online resource  |b cr  |2 rdacarrier 
362 1 |a Coverage as of Jan. 25, 1998: Vol. 2, no. 1 (1997)- 
500 |a Description based on: Volume 2, number 1 (1997); title from journal information screen (viewed Jan. 25, 1998). 
506 |a Subscription required for access to abstracts and full text. 
516 |a Electronic journal articles are available in portable document format (PDF). Abstracts are in HTML format. 
530 |a Electronic version of: Empirical software engineering. 
538 |a System requirements: World Wide Web browser, Internet connectivity, and Adobe Acrobat reader. 
538 |a Mode of access: World Wide Web. 
556 8 |a User's guide available online via World Wide Web. Service guide also available via World Wide Web. 
500 |a Electronic resource. 
650 0 |a Software engineering  |v Periodicals. 
650 6 |a Génie logiciel  |v Périodiques. 
776 1 |t Empirical software engineering  |x 1382-3256  |w (OCoLC)35634021 
949 |a MFHD URL added  |b h  |c 2002/12/5  |d c  |e rstovall5  |f 4:47:47 pm 
994 |a 92  |b TXA 
999 |a MARS 
999 f f |s dca9f1f4-d1c1-3960-8abd-ebad0454bc15  |i a6fea61f-5ffa-33cf-b2b8-672696e7bc14  |t 0 
952 f f |a Texas A&M University  |b College Station  |c Electronic Resources  |d Available Online  |t 0  |e QA76.758 E47  |g Electronic  |h Library of Congress classification 
998 f f |a QA76.758 E47  |t 0  |l Available Online